LEADER 02248 am 2200457 n 450 001 9910131510903321 005 20150415 010 $a2-7177-2690-X 024 7 $a10.4000/books.editionsbnf.1498 035 $a(CKB)3710000000445534 035 $a(FrMaCLE)OB-editionsbnf-1498 035 $a(oapen)https://directory.doabooks.org/handle/20.500.12854/42928 035 $a(PPN)189310227 035 $a(EXLCZ)993710000000445534 100 $a20150716j|||||||| ||| 0 101 0 $afre 135 $auu||||||m|||| 181 $ctxt$2rdacontent 182 $cc$2rdamedia 183 $acr$2rdacarrier 200 14$aLes Cervantiades /$fJuan Goytisolo 210 $aParis $cÉditions de la Bibliothèque nationale de France$d2015 215 $a1 online resource (72 p.) 311 $a2-7177-2058-8 330 $a« Si Cervantes est l?écrivain dont je me sens le plus proche, cela tient à sa qualité de précurseur de toutes les aventures : si sa familiarité avec la vie musulmane donne à son ?uvre une indéniable dimension mudéjar, l?invention romanesque, à travers laquelle il assume la totalité de ses expériences et de ses rêves, fait de lui le meilleur exemple de l?attitude illustrée par le dicton : humani nihil a me alienum puto. Trois siècles et demi plus tard, les romanciers font encore du ?cervantisme? sans le savoir : en composant nos ?uvres, nous écrivons à partir de Cervantes et pour Cervantes ; en écrivant sur Cervantes, nous écrivons sur nous-mêmes, que sa ferveur islamique nous soit étrangère ou familière. Cervantes reste le point vers lequel toujours convergeront nos regards. » Juan Goytisolo, extrait de « Vicissitudes du mudéjarisme », in Chroniques sarrasines, Paris, Fayard, 1985. 606 $aLiterary Reviews 606 $aLiterary Theory & Criticism 606 $aCervantes 606 $aconférence 610 $aCervantes 610 $aconférence 615 4$aLiterary Reviews 615 4$aLiterary Theory & Criticism 615 4$aCervantes 615 4$aconférence 700 $aGoytisolo$b Juan$0131792 801 0$bFR-FrMaCLE 906 $aBOOK 912 $a9910131510903321 996 $aLes Cervantiades$93032906 997 $aUNINA LEADER 01933nam 22006495u 450 001 9910149647903321 005 20211006145217.0 010 $a9783318050158 010 $a3318050156 035 $a(CKB)3780000000102730 035 $a(OCoLC)1046112274 035 $a(SZ-BaSKA)222214 035 $a(MiAaPQ)EBC31865475 035 $a(Au-PeEL)EBL31865475 035 $a(EXLCZ)993780000000102730 100 $a20211006d1992 uy 0 101 0 $aeng 135 $aurunu||||| 181 $ctxt$2rdacontent 182 $cc$2rdamedia 183 $acr$2rdacarrier 200 10$aPaternity in Primates: Genetic Tests and Theories : $eImplications of Human DNA Fingerprinting. 2nd Schultz-Biegert Symposium, Kartause Ittingen/Switzerland, September 1991 / $f editors, R.D. Martin, A.F. Dixson, E.J. Wickings 205 $a1st ed. 210 $aBasel : $cS. Karger, $d1992 215 $a1 online resource (XII + 288 pages) : $c 51 figures, 35 tables 311 08$a9783805554947 311 08$a380555494X 517 $aPaternity in Primates 606 $aZoology 606 $aAnthropology 606 $aBiochemistry 606 $aFertility 606 $aGenetics 606 $aMolecular Biology 606 $aPrimatology 606 $aSocial Medicine 606 $aSociology 615 14$aZoology 615 24$aAnthropology 615 24$aBiochemistry 615 24$aFertility 615 24$aGenetics 615 24$aMolecular Biology 615 24$aPrimatology 615 24$aSocial Medicine 615 24$aSociology 676 $a599.8/0415 700 $aMartin$b R.D 701 $aMartin$b R. D$g(Robert D.),$f1942-$0191274 701 $aDixson$b Alan F$01234113 701 $aWickings$b E. J$01234114 801 0$bUKSKG 801 1$bUKSKG 906 $aBOOK 912 $a9910149647903321 996 $aPaternity in Primates: Genetic Tests and Theories$92866567 997 $aUNINA